|
|
|
|
| LEADER |
00891nam a2200253 a 4500 |
| 001 |
14180 |
| 003 |
BD-DhAAL |
| 008 |
090802s1941 enk 000 0 eng d |
| 999 |
|
|
|c 3727
|d 3727
|
| 020 |
|
|
|a 0140437886
|
| 020 |
|
|
|a 063197850X
|
| 040 |
|
|
|a BD-DhAAL
|
| 082 |
0 |
0 |
|a 822.912
|
| 100 |
1 |
|
|a England, Alan William.
|9 40089
|
| 245 |
1 |
0 |
|a Man and superman :
|b a comedy and a philosophy /
|c edited by Dan H. Laurence.
|
| 260 |
|
|
|a London :
|b Penguin,
|c 1941
|
| 300 |
|
|
|a xix, 264 pages ;
|c 20 cm.
|
| 490 |
0 |
|
|a Penguin classics.
|
| 541 |
1 |
|
|e 00014180
|
| 600 |
1 |
0 |
|a Shaw, Bernard,
|d 1856-1950.
|t Man and superman.
|9 40090
|
| 700 |
1 |
|
|a Laurence, Dan H.
|9 40091
|
| 852 |
4 |
|
|a Ayesha Abed Library
|j General Stacks
|
| 942 |
|
|
|2 ddc
|c BK
|
| 952 |
|
|
|0 0
|1 0
|2 ddc
|4 0
|6 822_912000000000000_ENG
|7 0
|9 3383
|a BRACUL
|b BRACUL
|c GEN
|d 2009-09-03
|g 840.00
|l 6
|m 41
|o 822.912 ENG
|p 3010014180
|r 2024-02-15
|s 2024-02-05
|t 1
|w 2009-09-03
|y BK
|